000 00332 a2200157 4500
001 173819
020 _a
040 _cMagnum
100 _aMachado, Maria Clara
240 1 0 _aA viagem de clarinha
_lpor
245 1 0 _aA viagem de clarinha
362 0 _a1899
440 1 _aAgir
697 _aIJ/AVENTURA, CRIANCAS
942 _cBK
999 _c173819
_d173819